[Event "Nantes op 6th"]
[Site "Nantes"]
[Date "2007.12.29"]
[Round "6"]
[White "Penisson, Arnaud"]
[Black "Lesage, Jean Philippe"]
[Result "1/2-1/2"]
[WhiteElo "1810"]
[BlackElo "2067"]
[PlyCount "41"]
[EventDate "2007.12.26"]
[EventType "swiss"]
[EventRounds "7"]
[EventCountry "FRA"]
[SourceTitle "CBM 122 Extra"]
[Source "ChessBase"]
[SourceDate "2008.03.04"]
[SourceVersion "1"]
[SourceVersionDate "2008.03.04"]
[SourceQuality "1"]

1. d4 Nf6 2. Nf3 g6 3. g3 Bg7 4. Bg2 0-0 5. 0-0 d6 6. Nc3 Nbd7 7. e4 e5 8. d5 Nc5 9. Bg5 h6 10. Bxf6 Bxf6 11. Qd2 Bg7 12. Rad1 f5 13. Nh4 Qf6 14. f4 exf4 15. exf5 fxg3 16. hxg3 gxf5 17. Bh3 Qg5 18. Qxg5 hxg5 19. Nxf5 Bxf5 20. Rxf5 Rxf5 21. Bxf5 1/2-1/2